Largest U.S. Cities Beginning With C - 1950 - Statistics

General Stats
  • This quiz has been taken 84 times
  • The average score is 15 of 20
Answer Stats
Pop State Hint Answer % Correct
3,620,962 Illinois Nicknamed the "Windy City" Chicago
100%
503,998 Ohio Formerly called Porkopolis Cincinnati
97%
914,808 Ohio Rust Belt city with world-famous cuisine Cleveland
95%
375,901 Ohio State capital Columbus
95%
79,611 Georgia Located on the border with Alabama Columbus
95%
134,042 North Carolina Bank of America Charlotte
94%
73,501 West Virginia State capital Charleston
91%
70,174 South Carolina Largest port city in the state Charleston
91%
131,041 Tennessee Trains Chattanooga
89%
86,914 South Carolina State capital Columbia
89%
120,740 Massachusetts Boston suburb known for prestigious universities Cambridge
82%
108,287 Texas Port city on the Gulf of Mexico Corpus Christi
80%
124,555 New Jersey Philadelphia suburb Camden
71%
72,296 Iowa "City of Five Seasons" Cedar Rapids
69%
116,912 Ohio Birthplace of the NFL Canton
62%
64,452 Kentucky Suburb of #3 Covington
38%
67,544 Illinois Railroad industry Cicero
37%
59,141 Ohio Suburb of #2 Cleveland Heights
35%
66,039 Pennsylvania Birthplace of James Bond actor Daniel Craig Chester
29%
64,511 New Jersey Textile industry Clifton
25%
No matching quizzes found
Score Distribution
Percent of People with Each Score
Percentile by Number Answered
Your Score History
You have not taken this quiz